000 00660nam a2200205Ia 4500
005 20260121110210.0
008 008 260114s9999 xx 000 0 hin d
020 _a9788132366102
037 _aEBOOK
040 _aCRL
_bhin
_cCRL
041 _ahin
_2hin
084 _qCRL
100 _aउर्वशी वासा / Urveshi Vasa
_9943243
245 0 _aशैक्षिक नवाचार का असर / Shaikshik Navachar Ka Asar
260 _bभाषा प्रकाशन / Bhasha Prakashan
_c2021
856 _uhttps://bhashaprakashan.com/product-details/379467
942 _cEBOOK
999 _c1534908
_d1534908